000 01975nam a2200325 a 4500
001 BRCA_2449
005 20190320203820.0
008 181108s1814----fr-#---###---#000-0dspa-u
041 _aspa
044 _afr
084 _a089
_b.B677 1814
100 1 _aCervantes Saavedra, Miguel de
_d1547-1616
_9213
245 1 0 _aEl Ingenioso Hidalgo Don Quixote de la Mancha
_ccompuesto por Migue de Cervantes Saavedra bajo la dirección de José René Masson.
260 _aParís : Londres
_bBossange y Masson
_c1814
300 _a7 v.
_c15 cm
500 _aContenido : v 1. Advertencia de los editores. Prólogo de la Real Academia. Vida de Cervantes y análisis del Quijote por V. de los Ríos. -- v 2. Primera parte. Principios de la primera edición. Dedicatoria. prólogo del autor. Versos preliminares. Texto. -- v 3. Texto. -- v 4. Texto. -- v 5. Segunda parte. Principios de la edición príncipe. Dedicatoria. Prólogo del autor. Texto. -- v 6. Texto. -- v 7. Texto
500 _aEdición : Nueva edición, conforme la de la Real Academia Española, hecha en Madrid en 1782. Además del Juicio crítico y análisis del Quixote, el plan cronólogico de sus viajes, la Vida de Cervantes y los documentos que la comprueban, comprehendidos en la dicha edición de la Academia, se han añadido a esta las notas críticas y curiosas de Don Quijote
500 _aEdición igual a la anterior, pero sin láminas. En rústica Lúdovik Osterc
500 _aEstado fisico : Ejemplar muy maltratado
500 _aQM71
650 1 4 _aNovela española
_yÉpoca clásica, 1500-1700
_9215
650 1 4 _aLiteratura española
_yÉpoca clásica, 1500-1700
_9216
650 1 4 _aNovela española
_ySiglo XVII
_9217
650 1 4 _aDon Quijote (Personaje ficticio)
_eNovela
_9218
700 1 _aMasson, José René
_eImpresor
_97148
700 1 _aRíos, Vicente de los
_d1732-1779
_eBiógrafo
_97149
740 0 _aEl Ingenioso Hidalgo Don Quijote de la Mancha
902 _aQFM
942 _2lcc
_cB
999 _c2190
_d2190